000 00838cam a2200193 a 4500
001 3975958
005 20240228042314.0
008 941201s1993 ce 100 0 eng
040 _aDLC
_cDLC
_dDLC
082 _222
_a321.8.
_bPRO.
245 0 0 _aProblems of democracy, constitutionalism and political violence :
_bGerman-Sri Lankan Consultations /
_cedited by Ulrich Everding.
260 _aColombo, Sri Lanka :
_bPublished by Goethe-Institut, Law & Society Trust,
_c1993.
300 _avii, 147 p. ;
500 _a"The present publication is the sequel to a meeting of German and Sri Lankan specialists that was organized jointly by the Goethe-Institut, Colombo, the Law and Society Trust and the University of Colombo"--Foreword.
650 0 _aDemocracy
650 0 _aPolitical violence
700 1 _aEverding, Ulrich.
_eedt
942 _cL
999 _c512
_d512